التحول إلى مجتمع معلوماتي وتحديات المحافظة على الهوية الثقافية في المملكة العربية السعودية / (رقم التسجيلة. 81255)

تفاصيل مارك
000 -الفاتح
حقل البيانات ثابتة الطول 01158nam a22002537a 4500
003 - محدد رقم الضبط
رقم الضبط OSt
005 - وقت وتاريخ اخر تعامل مع التسجيلة
رقم الضبط 20220803103027.0
008 - عناصر البيانات ثابتة الطول - معلومات عامة
حقل البيانات ثابتة الطول 220803b2016 jo ||||g |||| 00| 0 ara d
020 ## - الرقم الدولى المعيارى للكتب
الرقم الدولى المعيارى للكتاب 9789957608125
040 ## - مصدر الفهرسة
وكالة الفهرسة الأصلية Ma-Un
وكالة النسخ Ma-Un
082 ## - رقم تصنيف ديوى العشرى
رقم الطبعة 21
رقم التصنيف 303.4833
رقم المادة ع ج ت
100 ## - المدخل الرئيسى - إسم شخصى
الإسم الشخصى العريشي، جبريل بن حسن.
245 ## - بيان العنوان
العنوان التحول إلى مجتمع معلوماتي وتحديات المحافظة على الهوية الثقافية في المملكة العربية السعودية /
بيان المسئوليه,etc جبريل بن حسن العريشي.
250 ## - بيان الطبعة
بيان الطبعة ط. 1.
260 ## - PUBLICATION, DISTRIBUTION, ETC. (IMPRINT)
مكان الناشر او الموزع عمان، الأردن :
اسم الناشر او الموزع الدار المنهجية للنشر والتوزيع،
تاريخ النشر أو التوزيع 2016
تاريخ النشر هجري 1437
300 ## - الوصف المادى
التعداد 304 ص. :
تفاصيل ماديه اخرى للوعاء ايض. ؛
أبعاد الوعاء 24 سم.
504 ## - تبصرة ببليوجرافية
تبصرة ببليوجرافية,الخ يشتمل على قائمة ببليوجرافية.
650 ## - المدخل الاضافى بالموضوع-مصطلح موضوعى
مصطلح موضوعي أو اسم جغرافي كعنصر مدخل التكنولوجيا والمجتمع.
650 ## - المدخل الاضافى بالموضوع-مصطلح موضوعى
مصطلح موضوعي أو اسم جغرافي كعنصر مدخل التطور الاجتماعي.
650 ## - المدخل الاضافى بالموضوع-مصطلح موضوعى
مصطلح موضوعي أو اسم جغرافي كعنصر مدخل التغير الاجتماعي.
650 ## - المدخل الاضافى بالموضوع-مصطلح موضوعى
مصطلح موضوعي أو اسم جغرافي كعنصر مدخل مجتمع المعلومات.
التقسيم الفرعي الجغرافي السعودية.
650 ## - المدخل الاضافى بالموضوع-مصطلح موضوعى
مصطلح موضوعي أو اسم جغرافي كعنصر مدخل تكنولوجيا المعلومات.
التقسيم الفرعي الجغرافي السعودية.
952 ## - LOCATION AND ITEM INFORMATION (KOHA)
نوع المادة فى نظام كوها كتاب
952 ## - LOCATION AND ITEM INFORMATION (KOHA)
نوع المادة فى نظام كوها كتاب
952 ## - LOCATION AND ITEM INFORMATION (KOHA)
نوع المادة فى نظام كوها كتاب
952 ## - LOCATION AND ITEM INFORMATION (KOHA)
نوع المادة فى نظام كوها كتاب
952 ## - LOCATION AND ITEM INFORMATION (KOHA)
نوع المادة فى نظام كوها كتاب
952 ## - LOCATION AND ITEM INFORMATION (KOHA)
نوع المادة فى نظام كوها كتاب
952 ## - LOCATION AND ITEM INFORMATION (KOHA)
نوع المادة فى نظام كوها كتاب
942 ## -
-- ddc
-- BOOK
المقتنيات
حالة الفقد نموذج السعر الفعال حالة تلف ليس للاعارة تاريخ الاكتساب رقم الطلب تاريخ الاكتساب الموقع الحالي الباركود الفرع الرئيسي Date last seen مصدر التصنيف او خطة الترفيف Total Checkouts
  2022-08-03   Not For Loan 2022-08-03 303.4833 ع ج ت 2022-08-03 CL 00183605 المكتبة المركزية بالمجمعة (CL) 2022-08-03 Dewey Decimal Classification  
  2022-08-03     2022-08-03 303.4833 ع ج ت 2022-08-03 CL 00183606 المكتبة المركزية بالمجمعة (CL) 2022-08-03 Dewey Decimal Classification  
  2022-08-03     2022-08-03 303.4833 ع ج ت 2022-08-03 CL 00183607 المكتبة المركزية بالمجمعة (CL) 2022-08-03 Dewey Decimal Classification  
  2022-08-03   Not For Loan 2022-08-03 303.4833 ع ج ت 2022-08-03 IC 00183608 قسم الاجراءات الفنية (IC) 2022-08-03 Dewey Decimal Classification  
  2022-08-03     2022-08-03 303.4833 ع ج ت 2022-08-03 IC 00183609 قسم الاجراءات الفنية (IC) 2022-08-03 Dewey Decimal Classification  
  2022-08-03   Not For Loan 2022-08-03 303.4833 ع ج ت 2022-08-03 SZM 00183610 مكتبة مجمع الكليات بالزلفى - طلاب (SZM) 2022-08-03 Dewey Decimal Classification  
  2022-08-03     2022-08-03 303.4833 ع ج ت 2022-08-03 SZM 00183611 مكتبة مجمع الكليات بالزلفى - طلاب (SZM) 2022-08-03 Dewey Decimal Classification